Statistiques concernant Classement de La Ligue 1 2021-2022

Cliquez ici pour prendre le quiz!

Statistiques générales

  • Ce quiz a été pris 98 fois
  • Le résultat moyen est 12 sur 20

Statistiques - réponses

ClassementClub% Correct
2Olympique de Marseille
91%
10LOSC Lille
81%
7RC Lens
77%
18AS Saint Etienne
76%
20Girondins de Bordeaux
75%
3AS Monaco
74%
5OGC Nice
72%
9FC Nantes
71%
8Olympique Lyonnais
71%
6RC Strasbourg
65%
19FC Metz
61%
14SCO Angers
59%
4Stade Rennais
58%
16FC Lorient
52%
1Paris SG
46%
15ESTAC Troyes
44%
12Stade de Reims
42%
11Stade Brestois
41%
17Clermont Foot
33%
13Montpellier HSC
17%

Distribution des résultats

Percentile par nombre de réponses

% des personnes avec chaque résultat

Votre développement - résultats

Vous n’avez pas pris ce quiz